Statistiques concernant Pays qui commencent par "A"

Cliquez ici pour prendre le quiz!

Statistiques générales

  • Ce quiz a été pris 1 822 fois
    (1 556 depuis la dernière actualisation)
  • Le résultat moyen est 9 sur 14

Statistiques - réponses

Réponse% Correct
Albanie
82%
Allemagne
82%
Algérie
78%
Arménie
74%
Australie
72%
Afghanistan
69%
Andorre
68%
Angola
67%
Argentine
67%
Autriche
63%
Afrique du Sud
61%
Azerbaïdjan
60%
Arabie Saoudite
51%
Antigua-et-Barbuda
41%

Distribution des résultats

Percentile par nombre de réponses

% des personnes avec chaque résultat

Votre développement - résultats

Vous n’avez pas pris ce quiz depuis la dernière actualisation